Manažment rizika vo vybranom podniku cestovného ruchu bakalárska práca

Saved in:
Bibliographic Details
Main Author: Morávková, Kristína
Corporate Author: Obchodná fakulta EU. Katedra služieb a cestovného ruchu - zrušené
Other Authors: Valenteová, Katarína
Format: Book
Language:Slovak
Published: Bratislava 2012
Tags: Add Tag
No Tags, Be the first to tag this record!

MARC

LEADER 00000nbm a2200000 4500
001 0154335
005 20161109111836.4
041 0 |a slo 
044 |a SK 
245 1 0 |a Manažment rizika vo vybranom podniku cestovného ruchu  |b bakalárska práca  |c Kristína Morávková ; školiteľ: Katarína Valenteová 
264 1 |a Bratislava  |c 2012 
300 |a 68 s. 
100 1 |a Morávková, Kristína 
700 1 |a Valenteová, Katarína 
710 2 |a Obchodná fakulta EU. Katedra služieb a cestovného ruchu - zrušené